Virtual Screening in Drug Discovery (Record no. 23411)
[ view plain ]
| 000 -LEADER | |
|---|---|
| fixed length control field | 00465nam a22001577a 4500 |
| 003 - CONTROL NUMBER IDENTIFIER | |
| control field | NUST |
| 008 - FIXED-LENGTH DATA ELEMENTS--GENERAL INFORMATION | |
| fixed length control field | 130417b xxu||||| |||| 00| 0 eng d |
| 020 ## - INTERNATIONAL STANDARD BOOK NUMBER | |
| International Standard Book Number | 0824754794 |
| Terms of availability | Avalable |
| 038 ## - RECORD CONTENT LICENSOR | |
| Staff Name | Nusrat Nadeem |
| 082 ## - DEWEY DECIMAL CLASSIFICATION NUMBER | |
| Classification number | 615.19 BRI |
| 100 ## - MAIN ENTRY--PERSONAL NAME | |
| Personal name | Juan Alvarez Brian Shoichet |
| 9 (RLIN) | 21381 |
| 245 ## - TITLE STATEMENT | |
| Title | Virtual Screening in Drug Discovery |
| Statement of responsibility, etc. | Brian Shoichet Juan Alvarez |
| 260 ## - PUBLICATION, DISTRIBUTION, ETC. | |
| Place of publication, distribution, etc. | USA |
| Name of publisher, distributor, etc. | CRC Press |
| Date of publication, distribution, etc. | 2005 |
| 538 ## - SYSTEM DETAILS NOTE | |
| Display text | Bioinformatics Lab (Photocopy Book) |
| 942 ## - ADDED ENTRY ELEMENTS (KOHA) | |
| Source of classification or shelving scheme | |
| Koha item type | Book |
| Withdrawn status | Lost status | Source of classification or shelving scheme | Damaged status | Not for loan | Permanent Location | Current Location | Shelving location | Date acquired | Total Checkouts | Full call number | Barcode | Date last seen | Date last checked out | Price effective from | Koha item type | Total Renewals | Checked out |
|---|---|---|---|---|---|---|---|---|---|---|---|---|---|---|---|---|---|
| Central Library (CL) | Central Library (CL) | General Stacks | 04/17/2013 | 5 | 615.19 BRI | RCMS002312 | 04/18/2018 | 04/18/2018 | 04/17/2013 | Book | |||||||
| School of Interdisciplinary Engineering and Sciences (SINES) | School of Interdisciplinary Engineering and Sciences (SINES) | Text Books | 09/25/2019 | 1 | 615.19 BRI | RCMS002921 | 06/30/2021 | 06/30/2021 | 09/25/2019 | Text Books | 2 | 06/01/2023 |
